| Tag |
First Indicator |
Second Indicator |
Subfields |
| LEADER |
00000cam a2200000 a 4500 |
| 001 |
in00000573921 |
| 005 |
20241209180132.1 |
| 008 |
841002s1982 at a b 101 0 eng d |
| 035 |
|
|
|a (OCoLC)11218964
|
| 035 |
|
|
|9 ACN7697AM
|
| 040 |
|
|
|a LHL
|c LHL
|d TXA
|d UtOrBLW
|
| 049 |
|
|
|a TXAM
|v 1 [A08333242]
|v 2 [A08333789]
|
| 090 |
|
|
|a QA76.5
|b .A79 1982
|
| 111 |
2 |
|
|a Australian Computer Conference
|n (9th:
|d 1982:
|c Hobart, Tasmania)
|
| 245 |
1 |
0 |
|a Proceedings of the the Ninth Australian Computer Conference:
|b 23-27 August 1982; held at the University of Tasmania and Wrest Point Hotel-Casino, obart, Tasmnia /
|c Organized by the Australian Computer Society Incorporated; editors, A.H.J Sale, G Hawthorne.
|
| 264 |
|
1 |
|a [Canberra]:
|b Australian Computer Society,
|c [1982]
|
| 264 |
|
4 |
|c ©1982
|
| 300 |
|
|
|a 2 volumes:
|b illustrations;
|c 20 cm.
|
| 336 |
|
|
|a text
|b txt
|2 rdacontent
|
| 337 |
|
|
|a unmediated
|b n
|2 rdamedia
|
| 338 |
|
|
|a volume
|b nc
|2 rdacarrier
|
| 504 |
|
|
|a Includes bibliographical references and index.
|
| 505 |
0 |
|
|a v. 1. Technical papers -- v. 2. Keynote papers and discussions.
|
| 650 |
|
0 |
|a Computers
|v Congresses.
|
| 650 |
|
0 |
|a Electronic data processing
|v Congresses.
|
| 650 |
|
0 |
|a Electronic digital computers
|v Congresses.
|
| 700 |
1 |
|
|a Sale, A. H. J.
|
| 700 |
1 |
|
|a Hawthorne, G.
|
| 710 |
2 |
|
|a Australian Computer Society.
|
| 740 |
0 |
|
|a Computer conference.
|
| 999 |
|
|
|a MARS
|
| 999 |
f |
f |
|s e3124884-7372-3149-ba3b-0460952cb60b
|i c07cfd2d-82eb-3c85-8eb1-51dcb060f4e1
|t 0
|
| 952 |
f |
f |
|p ric
|a Texas A&M University
|b Rellis Campus
|c Joint Library Facility
|d Remote Storage
|t 0
|e QA76.5 .A79 1982
|h Library of Congress classification
|i unmediated -- volume
|k v.1
|m A14808333242
|
| 952 |
f |
f |
|p ric
|a Texas A&M University
|b Rellis Campus
|c Joint Library Facility
|d Remote Storage
|t 0
|e QA76.5 .A79 1982
|h Library of Congress classification
|i unmediated -- volume
|k v.2
|m A14808333789
|
| 998 |
f |
f |
|a QA76.5 .A79 1982
|s v.1-v.2
|t 0
|l Remote Storage
|